01096 2200445 4500001002100000005001500021035002000036007000300056008004100059020002200100082001000122084002100132100001700153245006200170260003300232300001700265990001600282990001600298990001600314990001600330990001600346990001600362990001600378990001600394990001600410990001600426990001600442990001600458990001600474990001600490990001600506990001600522990001600538990001600554990001600570990001600586990001600602990001600618990001600634INLIS00000000000164420220727094538 a0010-0722000030ta220727 g 0 ind  a978-623-6729-00-7 a2x1.3 a2x1.3 MAI i c.230 aAhmad Maimun1 aIlmu Tafsir Kelas XII Madrasah Aliyah Peminatan Keagamaan aJakarta :bKemenag RI,c2020 a129 ;c29 cm a2022/h/1492 a2022/h/1493 a2022/h/1494 a2022/h/1495 a2022/h/1496 a2022/h/1497 a2022/h/1498 a2022/h/1499 a2022/h/1500 a2022/h/1501 a2022/h/1502 a2022/h/1503 a2022/h/1504 a2022/h/1505 a2022/h/1506 a2022/h/1507 a2022/h/1508 a2022/h/1509 a2022/h/1510 a2022/h/1511 a2022/h/1512 a2022/h/1513 a2022/h/1514